[Event "DEM U10 2022"]
[Site "Willingen GER"]
[Date "2022.06.11"]
[Round "11"]
[White "Hepp, Daniel"]
[Black "Zhang, Yibo"]
[Result "0-1"]
[Termination "normal"]
[Board "2"]
[WhiteElo "1468"]
[BlackElo "1436"]
[WhiteClock "00:16:48"]
[BlackClock "00:50:43"]
[PlyCount "96"]
[WhiteFideId "34608567"]
[BlackFideId "16287657"]
[EventCountry "GER"]
[EventRounds "11"]
[EventType "swiss"]
[EventDate "2022.06.04"]

1. d4 {[%clk 01:15:59]} {[%emt 00:00:01]} d5 {[%clk 01:15:54]} {[%emt
00:00:06]} 2. e3 {[%clk 01:16:20]} {[%emt 00:00:10]} Nf6 {[%clk 01:16:19]}
{[%emt 00:00:04]} 3. f4 {[%clk 01:16:25]} {[%emt 00:00:26]} c5 {[%clk
01:16:35]} {[%emt 00:00:14]} 4. c3 {[%clk 01:16:27]} {[%emt 00:00:28]} Nc6
{[%clk 01:16:54]} {[%emt 00:00:10]} 5. Bd3 {[%clk 01:16:39]} {[%emt 00:00:18]}
Qb6 {[%clk 01:17:10]} {[%emt 00:00:14]} 6. Nf3 {[%clk 01:16:26]} {[%emt
00:00:43]} g6 {[%clk 01:17:26]} {[%emt 00:00:14]} 7. O-O {[%clk 01:16:20]}
{[%emt 00:00:36]} Bg7 {[%clk 01:17:50]} {[%emt 00:00:06]} 8. Nbd2 {[%clk
01:16:17]} {[%emt 00:00:33]} O-O {[%clk 01:18:14]} {[%emt 00:00:06]} 9. Ne5
{[%clk 01:16:16]} {[%emt 00:00:32]} cxd4 {[%clk 01:18:33]} {[%emt 00:00:11]}
10. exd4 {[%clk 01:16:26]} {[%emt 00:00:19]} Nxe5 {[%clk 01:18:51]} {[%emt
00:00:12]} 11. fxe5 {[%clk 01:16:30]} {[%emt 00:00:27]} Ng4 {[%clk 01:19:12]}
{[%emt 00:00:09]} 12. Nf3 {[%clk 01:10:59]} {[%emt 00:06:01]} Nxe5 {[%clk
01:18:41]} {[%emt 00:01:00]} 13. Nxe5 {[%clk 01:10:43]} {[%emt 00:00:45]} Bxe5
{[%clk 01:19:05]} {[%emt 00:00:07]} 14. Qe2 {[%clk 01:08:31]} {[%emt 00:02:43]}
Bf6 {[%clk 01:19:11]} {[%emt 00:00:23]} 15. Rb1 {[%clk 01:06:59]} {[%emt
00:02:02]} a6 {[%clk 01:18:45]} {[%emt 00:00:56]} 16. Bh6 {[%clk 01:06:03]}
{[%emt 00:01:26]} Re8 {[%clk 01:18:50]} {[%emt 00:00:25]} 17. Qf3 {[%clk
01:04:30]} {[%emt 00:02:03]} Be6 {[%clk 01:18:42]} {[%emt 00:00:38]} 18. Kh1
{[%clk 01:02:45]} {[%emt 00:02:14]} Bg7 {[%clk 01:17:50]} {[%emt 00:01:22]} 19.
Bf4 {[%clk 00:58:28]} {[%emt 00:04:46]} Qc6 {[%clk 01:16:43]} {[%emt 00:01:37]}
20. Rbe1 {[%clk 00:57:13]} {[%emt 00:01:45]} b5 {[%clk 01:14:12]} {[%emt
00:03:02]} 21. Be3 {[%clk 00:53:31]} {[%emt 00:04:12]} Rf8 {[%clk 01:11:53]}
{[%emt 00:02:50]} 22. a3 {[%clk 00:51:27]} {[%emt 00:02:33]} Rae8 {[%clk
01:11:32]} {[%emt 00:00:51]} 23. Ra1 {[%clk 00:49:34]} {[%emt 00:02:23]} Bd7
{[%clk 01:10:25]} {[%emt 00:01:37]} 24. a4 {[%clk 00:48:37]} {[%emt 00:01:28]}
bxa4 {[%clk 01:09:41]} {[%emt 00:01:14]} 25. Bc2 {[%clk 00:48:51]} {[%emt
00:00:15]} Qc4 {[%clk 01:09:34]} {[%emt 00:00:37]} 26. Qd1 {[%clk 00:47:30]}
{[%emt 00:01:51]} a3 {[%clk 01:07:37]} {[%emt 00:02:28]} 27. Rxa3 {[%clk
00:47:32]} {[%emt 00:00:27]} Bg4 {[%clk 01:07:30]} {[%emt 00:00:37]} 28. Bd3
{[%clk 00:41:10]} {[%emt 00:06:53]} Bxd1 {[%clk 01:07:26]} {[%emt 00:00:33]}
29. Bxc4 {[%clk 00:41:23]} {[%emt 00:00:17]} dxc4 {[%clk 01:07:51]} {[%emt
00:00:05]} 30. Rxd1 {[%clk 00:41:49]} {[%emt 00:00:04]} Rb8 {[%clk 01:07:23]}
{[%emt 00:00:58]} 31. Rb1 {[%clk 00:41:50]} {[%emt 00:00:29]} e5 {[%clk
01:03:49]} {[%emt 00:04:04]} 32. dxe5 {[%clk 00:31:09]} {[%emt 00:11:11]} Bxe5
{[%clk 01:04:07]} {[%emt 00:00:13]} 33. Kg1 {[%clk 00:30:48]} {[%emt 00:00:51]}
Rb7 {[%clk 01:01:43]} {[%emt 00:02:54]} 34. Bc5 {[%clk 00:30:07]} {[%emt
00:01:10]} Rd8 {[%clk 00:59:52]} {[%emt 00:02:21]} 35. Bb4 {[%clk 00:29:48]}
{[%emt 00:00:46]} Rd2 {[%clk 00:58:45]} {[%emt 00:01:40]} 36. Rxa6 {[%clk
00:25:04]} {[%emt 00:05:15]} Bd4+ {[%clk 00:57:00]} {[%emt 00:02:14]} 37. Kh1
{[%clk 00:24:36]} {[%emt 00:00:57]} Rxb4 {[%clk 00:54:54]} {[%emt 00:02:36]}
38. cxd4 {[%clk 00:20:32]} {[%emt 00:04:34]} Rbxb2 {[%clk 00:54:32]} {[%emt
00:00:52]} 39. Rc1 {[%clk 00:19:11]} {[%emt 00:01:50]} c3 {[%clk 00:54:22]}
{[%emt 00:00:41]} 40. Raa1 {[%clk 00:19:03]} {[%emt 00:00:38]} c2 {[%clk
00:54:14]} {[%emt 00:00:38]} 41. g3 {[%clk 00:19:07]} {[%emt 00:00:27]} Kg7
{[%clk 00:52:58]} {[%emt 00:01:46]} 42. Kg1 {[%clk 00:17:58]} {[%emt 00:01:38]}
Rxd4 {[%clk 00:53:12]} {[%emt 00:00:16]} 43. Kf1 {[%clk 00:18:15]} {[%emt
00:00:13]} Rd2 {[%clk 00:53:28]} {[%emt 00:00:14]} 44. h4 {[%clk 00:18:12]}
{[%emt 00:00:32]} Kf6 {[%clk 00:50:20]} {[%emt 00:03:39]} 45. Ke1 {[%clk
00:17:07]} {[%emt 00:01:35]} Rh2 {[%clk 00:50:33]} {[%emt 00:00:17]} 46. g4
{[%clk 00:17:05]} {[%emt 00:00:32]} Ke5 {[%clk 00:49:59]} {[%emt 00:01:05]} 47.
Ra4 {[%clk 00:16:32]} {[%emt 00:01:02]} Rb1 {[%clk 00:50:17]} {[%emt 00:00:12]}
48. Ra1 {[%clk 00:16:48]} {[%emt 00:00:14]} Rxa1 {[%clk 00:50:43]} {[%emt
00:00:04]} 0-1

[Event "DEM U10 2022"]
[Site "Willingen GER"]
[Date "2022.06.11"]
[Round "11"]
[White "Tak, Rannveer"]
[Black "Thoms, Eric"]
[Result "1-0"]
[Termination "normal"]
[Board "16"]
[WhiteElo "1746"]
[BlackElo "1219"]
[WhiteClock "00:07:17"]
[BlackClock "00:58:37"]
[PlyCount "113"]
[WhiteFideId "14346613"]
[BlackFideId "34623450"]
[EventCountry "GER"]
[EventRounds "11"]
[EventType "swiss"]
[EventDate "2022.06.04"]

1. e4 {[%clk 01:15:59]} e5 {[%clk 01:15:53]} {[%emt 00:00:07]} 2. Nf3 {[%clk
01:16:17]} {[%emt 00:00:13]} Nc6 {[%clk 01:16:16]} {[%emt 00:00:07]} 3. Bb5
{[%clk 01:16:40]} {[%emt 00:00:07]} Nge7 {[%clk 01:16:37]} {[%emt 00:00:09]} 4.
O-O {[%clk 01:15:33]} {[%emt 00:01:37]} g6 {[%clk 01:16:59]} {[%emt 00:00:08]}
5. d4 {[%clk 01:15:01]} {[%emt 00:01:01]} exd4 {[%clk 01:17:02]} {[%emt
00:00:28]} 6. Nxd4 {[%clk 01:15:18]} {[%emt 00:00:13]} Bg7 {[%clk 01:17:01]}
{[%emt 00:00:31]} 7. Be3 {[%clk 01:09:33]} {[%emt 00:06:14]} O-O {[%clk
01:17:11]} {[%emt 00:00:20]} 8. Nc3 {[%clk 01:07:22]} {[%emt 00:02:42]} d6
{[%clk 01:17:13]} {[%emt 00:00:28]} 9. Re1 {[%clk 01:05:17]} {[%emt 00:02:34]}
Bd7 {[%clk 01:09:30]} {[%emt 00:08:15]} 10. Nf3 {[%clk 01:03:56]} {[%emt
00:01:50]} Ne5 {[%clk 01:08:09]} {[%emt 00:01:51]} 11. Nxe5 {[%clk 01:03:03]}
{[%emt 00:01:23]} Bxe5 {[%clk 01:08:22]} {[%emt 00:00:18]} 12. Bxd7 {[%clk
01:03:09]} {[%emt 00:00:24]} Qxd7 {[%clk 01:08:37]} {[%emt 00:00:14]} 13. Bd4
{[%clk 01:03:20]} {[%emt 00:00:18]} Nc6 {[%clk 01:08:29]} {[%emt 00:00:39]} 14.
Bxe5 {[%clk 01:00:04]} {[%emt 00:03:46]} Nxe5 {[%clk 01:08:49]} {[%emt
00:00:10]} 15. Nd5 {[%clk 01:00:07]} {[%emt 00:00:24]} Qd8 {[%clk 01:08:46]}
{[%emt 00:00:36]} 16. f4 {[%clk 00:58:17]} {[%emt 00:02:21]} Nd7 {[%clk
01:04:54]} {[%emt 00:04:22]} 17. Qg4 {[%clk 00:48:52]} {[%emt 00:09:54]} c6
{[%clk 01:03:42]} {[%emt 00:01:42]} 18. Qxd7 {[%clk 00:45:00]} {[%emt
00:04:21]} Qxd7 {[%clk 01:02:07]} {[%emt 00:02:07]} 19. Nf6+ {[%clk 00:45:20]}
{[%emt 00:00:09]} Kg7 {[%clk 01:02:26]} {[%emt 00:00:11]} 20. Nxd7 {[%clk
00:45:46]} {[%emt 00:00:05]} Rfd8 {[%clk 01:02:44]} {[%emt 00:00:12]} 21. Nc5
{[%clk 00:41:23]} {[%emt 00:04:51]} dxc5 {[%clk 01:03:01]} {[%emt 00:00:14]}
22. Rad1 {[%clk 00:41:50]} {[%emt 00:00:04]} Rd4 {[%clk 01:02:34]} {[%emt
00:00:57]} 23. Rxd4 {[%clk 00:40:02]} {[%emt 00:02:17]} cxd4 {[%clk 01:02:54]}
{[%emt 00:00:10]} 24. Rd1 {[%clk 00:40:26]} {[%emt 00:00:06]} c5 {[%clk
01:03:09]} {[%emt 00:00:15]} 25. Kf2 {[%clk 00:40:14]} {[%emt 00:00:41]} Re8
{[%clk 01:03:10]} {[%emt 00:00:30]} 26. Kf3 {[%clk 00:40:14]} {[%emt 00:00:29]}
b6 {[%clk 01:03:19]} {[%emt 00:00:22]} 27. c3 {[%clk 00:37:25]} {[%emt
00:03:18]} dxc3 {[%clk 01:03:04]} {[%emt 00:00:47]} 28. bxc3 {[%clk 00:37:48]}
{[%emt 00:00:06]} Re7 {[%clk 01:03:22]} {[%emt 00:00:12]} 29. a4 {[%clk
00:35:34]} {[%emt 00:02:43]} Kf8 {[%clk 01:03:37]} {[%emt 00:00:15]} 30. Rd8+
{[%clk 00:35:00]} {[%emt 00:01:04]} Re8 {[%clk 01:03:43]} {[%emt 00:00:25]} 31.
Rd7 {[%clk 00:28:52]} {[%emt 00:06:39]} Re7 {[%clk 01:03:59]} {[%emt 00:00:12]}
32. Rd8+ {[%clk 00:24:43]} {[%emt 00:04:41]} Re8 {[%clk 01:04:18]} {[%emt
00:00:11]} 33. Rxe8+ {[%clk 00:23:00]} {[%emt 00:02:13]} Kxe8 {[%clk 01:04:40]}
{[%emt 00:00:09]} 34. Kg4 {[%clk 00:23:20]} {[%emt 00:00:09]} a6 {[%clk
01:05:00]} {[%emt 00:00:10]} 35. c4 {[%clk 00:21:50]} {[%emt 00:02:00]} Kd7
{[%clk 01:05:03]} {[%emt 00:00:26]} 36. Kf3 {[%clk 00:19:56]} {[%emt 00:02:25]}
Kc6 {[%clk 01:04:10]} {[%emt 00:01:23]} 37. Ke3 {[%clk 00:19:20]} {[%emt
00:01:05]} b5 {[%clk 01:04:13]} {[%emt 00:00:27]} 38. cxb5+ {[%clk 00:19:28]}
{[%emt 00:00:23]} axb5 {[%clk 01:04:28]} {[%emt 00:00:15]} 39. axb5+ {[%clk
00:19:08]} {[%emt 00:00:49]} Kxb5 {[%clk 01:04:51]} {[%emt 00:00:08]} 40. g4
{[%clk 00:19:08]} {[%emt 00:00:30]} Kc6 {[%clk 01:04:58]} {[%emt 00:00:23]} 41.
Kd3 {[%clk 00:16:02]} {[%emt 00:03:36]} f6 {[%clk 01:05:02]} {[%emt 00:00:26]}
42. Kc4 {[%clk 00:15:20]} {[%emt 00:01:12]} Kd6 {[%clk 01:05:11]} {[%emt
00:00:16]} 43. Kd3 {[%clk 00:09:57]} {[%emt 00:05:58]} Kc6 {[%clk 01:05:10]}
{[%emt 00:00:31]} 44. Kc4 {[%clk 00:05:51]} {[%emt 00:04:36]} g5 {[%clk
00:57:52]} {[%emt 00:07:48]} 45. fxg5 {[%clk 00:05:37]} {[%emt 00:00:44]} fxg5
{[%clk 00:58:06]} {[%emt 00:00:16]} 46. e5 {[%clk 00:06:02]} {[%emt 00:00:05]}
Kd7 {[%clk 00:57:53]} {[%emt 00:00:43]} 47. Kxc5 {[%clk 00:05:39]} {[%emt
00:00:53]} Ke6 {[%clk 00:57:45]} {[%emt 00:00:38]} 48. Kd4 {[%clk 00:06:04]}
{[%emt 00:00:04]} Ke7 {[%clk 00:57:32]} {[%emt 00:00:44]} 49. Kd5 {[%clk
00:06:20]} {[%emt 00:00:14]} Kd7 {[%clk 00:57:19]} {[%emt 00:00:42]} 50. e6+
{[%clk 00:06:39]} {[%emt 00:00:11]} Ke7 {[%clk 00:57:43]} {[%emt 00:00:08]} 51.
Ke5 {[%clk 00:07:00]} {[%emt 00:00:09]} h6 {[%clk 00:58:04]} {[%emt 00:00:09]}
52. h3 {[%clk 00:07:16]} {[%emt 00:00:13]} Ke8 {[%clk 00:58:19]} {[%emt
00:00:15]} 53. Kf6 {[%clk 00:06:37]} {[%emt 00:01:09]} Kf8 {[%clk 00:58:38]}
{[%emt 00:00:11]} 54. Kg6 {[%clk 00:06:24]} {[%emt 00:00:43]} Ke7 {[%clk
00:58:52]} {[%emt 00:00:16]} 55. Kxh6 {[%clk 00:06:47]} {[%emt 00:00:07]} Kxe6
{[%clk 00:58:53]} {[%emt 00:00:29]} 56. Kxg5 {[%clk 00:07:10]} {[%emt
00:00:07]} Kf7 {[%clk 00:58:37]} {[%emt 00:00:46]} 57. Kh6 {[%clk 00:07:17]}
{[%emt 00:00:23]} 1-0